[Event "CRO-chT1A 28th"]
[Site "Mali Losinj"]
[Date "2019.10.01"]
[Round "4.36"]
[White "Kovacevic, Vlatko"]
[Black "Feletar, Darko"]
[Result "1/2-1/2"]
[WhiteElo "2471"]
[BlackElo "2356"]
[PlyCount "99"]
[EventDate "2019.09.28"]
[EventType "team-tourn"]
[EventRounds "9"]
[EventCountry "CRO"]
[SourceTitle "EXT 2020"]
[Source "ChessBase"]
[SourceDate "2019.10.17"]
[SourceVersion "1"]
[SourceVersionDate "2019.10.17"]
[SourceQuality "1"]
[WhiteTeam "Solin Cemex"]
[BlackTeam "Osijek Ferit"]
[WhiteTeamCountry "CRO"]
[BlackTeamCountry "CRO"]

1. d4 c5 2. e3 Nf6 3. Nf3 d5 4. Nbd2 Nc6 5. Bb5 Bd7 6. 0-0 cxd4 7. exd4 a6 8. Be2 Bf5 9. c3 Qc7 10. Nh4 Bd7 11. Nb3 e6 12. g3 Bd6 13. Ng2 b6 14. Bg5 Ne4 15. Bf4 Nf6 16. Bxd6 Qxd6 17. Re1 Na5 18. Nf4 Bb5 19. Bf3 Ba4 20. Qe2 Nxb3 21. axb3 Bxb3 22. Rxa6 0-0 23. Raa1 Qc6 24. h4 Nd7 25. Qd2 Rxa1 26. Rxa1 Ra8 27. Qe1 Rxa1 28. Qxa1 Qa4 29. Qxa4 Bxa4 30. Nd3 f6 31. Nb4 Kf7 32. Kf1 Ke7 33. Ke1 Kd6 34. Kd2 Bb3 35. Be2 Ba4 36. f4 h6 37. Bf3 Bb3 38. Ke3 Nf8 39. Bh5 Ba4 40. Nd3 Bc2 41. Nc1 Be4 42. c4 Bg2 43. b3 dxc4 44. bxc4 e5 45. dxe5+ fxe5 46. Nd3 exf4+ 47. Nxf4 Bf1 48. Kd4 Ne6+ 49. Nxe6 Kxe6 50. Bg6 1/2-1/2

[Event "CRO Cup"]
[Site "Mali Losinj"]
[Date "2019.05.16"]
[Round "2.34"]
[White "Kovacevic, Vlatko"]
[Black "Brumen, Dinko"]
[Result "1-0"]
[WhiteElo "2470"]
[BlackElo "2320"]
[PlyCount "151"]
[EventDate "2019.05.15"]
[EventType "team-swiss"]
[EventRounds "6"]
[EventCountry "CRO"]
[SourceTitle "CBM 190 Extra"]
[Source "ChessBase"]
[SourceDate "2019.07.15"]
[SourceVersion "1"]
[SourceVersionDate "2019.07.15"]
[SourceQuality "1"]
[WhiteTeam "Solin Cemex"]
[BlackTeam "Zagreb Mladost"]
[WhiteTeamCountry "CRO"]
[BlackTeamCountry "CRO"]

1. d4 Nf6 2. Nf3 d5 3. e3 c6 4. c4 e6 5. Nbd2 Nbd7 6. Bd3 Bd6 7. 0-0 0-0 8. e4 dxe4 9. Nxe4 Nxe4 10. Bxe4 h6 11. Bc2 e5 12. Re1 Bb4 13. Bd2 Bxd2 14. Qxd2 exd4 15. Nxd4 Nf6 16. Qc3 c5 17. Nb5 Be6 18. Rad1 Qb8 19. Nd6 Rd8 20. Qg3 Ne8 21. Nxe8 Qxg3 22. hxg3 Rxd1 23. Bxd1 Rxe8 24. Bf3 Rd8 25. Bxb7 Rb8 26. Bd5 Rxb2 27. Bxe6 fxe6 28. Rxe6 Rxa2 29. Rc6 Ra1+ 30. Kh2 Ra5 31. g4 Kf7 32. Kg3 g5 33. Rxh6 Ra4 34. Rd6 Rxc4 35. Ra6 Rc3+ 36. f3 Rc2 37. Rxa7+ Kf6 38. Ra6+ Kf7 39. Rd6 c4 40. Rc6 Kg7 41. Kh3 Kf7 42. Rc5 Kf6 43. g3 Rc3 44. Kg2 Rc2+ 45. Kf1 Rc1+ 46. Ke2 Rc2+ 47. Ke3 Rg2 48. Rxc4 Rxg3 49. Ke4 Rh3 50. Rc8 Rg3 51. Rf8+ Kg7 52. Rf5 Kg6 53. Ke5 Rh3 54. Ke6 Rg3 55. Rf8 Kg7 56. Rf6 Rh3 57. Ke7 Rh1 58. Re6 Rf1 59. Re3 Kg6 60. Kf8 Kf6 61. Ra3 Kg6 62. Kg8 Kf6 63. Ra6+ Ke5 64. Kg7 Rxf3 65. Kg6 Rf1 66. Kxg5 Rg1 67. Kh5 Rh1+ 68. Kg6 Rg1 69. g5 Rb1 70. Kh6 Kf5 71. g6 Rh1+ 72. Kg7 Rb1 73. Kh7 Rh1+ 74. Kg8 Rc1 75. g7 Rc8+ 76. Kh7 1-0

[Event "CRO-chT1A 27th"]
[Site "Biograd"]
[Date "2018.09.13"]
[Round "6.16"]
[White "Bozinovic, Bogdan"]
[Black "Kovacevic, Vlatko"]
[Result "0-1"]
[WhiteElo "2229"]
[BlackElo "2454"]
[PlyCount "68"]
[EventDate "2018.09.08"]
[EventType "team-tourn"]
[EventRounds "9"]
[EventCountry "CRO"]
[SourceTitle "CBM 186 Extra"]
[Source "ChessBase"]
[SourceDate "2018.08.24"]
[SourceVersion "1"]
[SourceVersionDate "2018.08.24"]
[SourceQuality "1"]
[WhiteTeam "Sesvete Sljeme"]
[BlackTeam "Solin Cemex"]
[WhiteTeamCountry "CRO"]
[BlackTeamCountry "CRO"]

1. d4 Nf6 2. c4 e6 3. Nc3 d5 4. Bg5 Nbd7 5. e3 c6 6. cxd5 exd5 7. Bd3 Be7 8. Nge2 0-0 9. 0-0 Re8 10. Qc2 h6 11. Bh4 Ne4 12. Bxe7 Qxe7 13. Ng3 Nxg3 14. hxg3 Nf6 15. Rae1 Qd6 16. Qd2 Be6 17. Re2 Re7 18. Qe1 Rae8 19. b4 Qxb4 20. f3 Bd7 21. Qd2 Qd6 22. g4 a6 23. Qe1 c5 24. Qf2 b5 25. Rfe1 c4 26. Bb1 b4 27. Nd1 c3 28. Qh4 Bb5 29. Rf2 Ba4 30. Bc2 Bxc2 31. Rxc2 Nh7 32. g3 a5 33. f4 Qf6 34. Qh3 Qxd4 0-1

[Event "CRO-chT1A 26th"]
[Site "Mali Losinj"]
[Date "2017.10.03"]
[Round "6.56"]
[White "Dutina, Dario"]
[Black "Kovacevic, Vlatko"]
[Result "0-1"]
[WhiteElo "2266"]
[BlackElo "2446"]
[PlyCount "128"]
[EventDate "2017.09.28"]
[EventType "team-tourn"]
[EventRounds "9"]
[EventCountry "CRO"]
[SourceTitle "EXT 2018"]
[Source "ChessBase"]
[SourceDate "2017.10.13"]
[SourceVersion "1"]
[SourceVersionDate "2017.10.13"]
[SourceQuality "1"]
[WhiteTeam "Sesvete Sljeme"]
[BlackTeam "Solin Cemex"]
[WhiteTeamCountry "CRO"]
[BlackTeamCountry "CRO"]

1. e4 e6 2. d4 d5 3. e5 c5 4. c3 Ne7 5. Nf3 Nec6 6. Bd3 Nd7 7. 0-0 Be7 8. Na3 cxd4 9. cxd4 Nb4 10. Be2 Nb6 11. Nc2 Nxc2 12. Qxc2 Bd7 13. Bd3 Rc8 14. Qe2 Nc4 15. Ne1 h5 16. Nc2 a6 17. g3 Na5 18. h3 g6 19. Kg2 Qb6 20. b3 Bb5 21. Bb2 Bxd3 22. Qxd3 Nc6 23. Rac1 Bg5 24. f4 Be7 25. Bc3 Kd7 26. Ne3 Ba3 27. Rc2 Qb5 28. Qd1 a5 29. Rff2 a4 30. bxa4 Qxa4 31. Qd3 Qa6 32. Qd2 Rc7 33. g4 hxg4 34. hxg4 Rcc8 35. Kg3 Be7 36. Rh2 Rxh2 37. Kxh2 Rh8+ 38. Kg2 Ba3 39. Nd1 Rh4 40. Nf2 Qa8 41. Qd3 Rh8 42. Re2 Qa6 43. Qd2 Bc1 44. Qd3 Bxf4 45. Qf3 g5 46. Nd3 Qc4 47. Nxf4 gxf4 48. Rd2 Ne7 49. Rb2 Ng6 50. Be1 Ra8 51. Rxb7+ Kc6 52. Rb2 Rxa2 53. Rxa2 Qxa2+ 54. Kh3 Qa1 55. Qf2 Qa3+ 56. Kg2 Qd3 57. Bb4 Qe4+ 58. Kh2 f3 59. Kg3 Nf4 60. Qa2 Ne2+ 61. Kf2 Qxd4+ 62. Kxf3 Qf4+ 63. Kg2 Qxg4+ 64. Kf2 Qg3+ 0-1

[Event "CRO Cup"]
[Site "Mali Losinj"]
[Date "2017.05.12"]
[Round "4.3"]
[White "Blazeka, Matej"]
[Black "Kovacevic, Vlatko"]
[Result "0-1"]
[WhiteElo "2333"]
[BlackElo "2454"]
[PlyCount "116"]
[EventDate "2017.05.10"]
[EventType "team-swiss"]
[EventRounds "6"]
[EventCountry "CRO"]
[SourceTitle "CBM 178 Extra"]
[Source "ChessBase"]
[SourceDate "2017.06.22"]
[SourceVersion "1"]
[SourceVersionDate "2017.06.22"]
[SourceQuality "1"]
[WhiteTeam "Zagreb Mladost"]
[BlackTeam "Solin Cemex"]
[WhiteTeamCountry "CRO"]
[BlackTeamCountry "CRO"]

1. e4 e6 2. d4 d5 3. Nd2 a6 4. Ngf3 c5 5. exd5 exd5 6. dxc5 Bxc5 7. Nb3 Ba7 8. Bd3 Nf6 9. Qe2+ Be6 10. Nbd4 Qe7 11. Bf5 Bxd4 12. Nxd4 Nc6 13. Nxc6 bxc6 14. Bd3 0-0 15. Bg5 h6 16. Bd2 Rfe8 17. 0-0 Qd6 18. Qf3 Bg4 19. Qf4 Qxf4 20. Bxf4 Be2 21. Rfe1 Bxd3 22. cxd3 Nd7 23. Bd6 Nf8 24. Bxf8 Kxf8 25. Rac1 Rab8 26. Rxe8+ Kxe8 27. Rxc6 Rxb2 28. g3 Rxa2 29. Rc5 Rb2 30. Rxd5 Rb7 31. Ra5 Ra7 32. Kf1 Kd7 33. Ke2 Kc6 34. Kd2 Kb6 35. Ra3 a5 36. Kc3 Kb5 37. Rb3+ Kc5 38. d4+ Kd5 39. f3 Kc6 40. Kc4 a4 41. Ra3 Kd6 42. Kb5 Ra8 43. Kc4 g5 44. f4 g4 45. f5 f6 46. Kb5 h5 47. Kb6 Rb8+ 48. Ka7 Rb4 49. Re3 Kd5 50. Re6 a3 51. Ra6 Rxd4 52. Kb7 Rd2 53. Rxf6 Rxh2 54. Ra6 a2 55. f6 Rf2 56. Kc7 h4 57. gxh4 g3 58. Kd7 g2 0-1

[Event "CRO-chT1A 25th"]
[Site "Sibenik"]
[Date "2016.10.15"]
[Round "8.4"]
[White "Kovacevic, Vlatko"]
[Black "Djurovic, Goran"]
[Result "1-0"]
[WhiteElo "2449"]
[BlackElo "2398"]
[PlyCount "79"]
[EventDate "2016.10.08"]
[EventType "team-tourn"]
[EventRounds "9"]
[EventCountry "CRO"]
[SourceTitle "EXT 2017"]
[Source "ChessBase"]
[SourceDate "2016.10.25"]
[SourceVersion "1"]
[SourceVersionDate "2016.10.25"]
[SourceQuality "1"]
[WhiteTeam "Solin Cemex"]
[BlackTeam "Sesvete Sljeme"]
[WhiteTeamCountry "CRO"]
[BlackTeamCountry "CRO"]

1. d4 d5 2. Nf3 Nf6 3. e3 Bf5 4. c4 c6 5. Nc3 e6 6. Qb3 Qb6 7. Be2 h6 8. 0-0 Nbd7 9. Nd2 Be7 10. Re1 0-0 11. Bf1 Rfd8 12. f3 Bh7 13. Qxb6 Nxb6 14. c5 Nbd7 15. b4 b6 16. Ba6 bxc5 17. bxc5 Rdb8 18. Nb3 Bd8 19. e4 Bc7 20. Bd2 Kf8 21. Rac1 Ne8 22. exd5 exd5 23. Nd1 Bf5 24. Ne3 Be6 25. Rb1 Ke7 26. f4 g6 27. g4 f5 28. gxf5 gxf5 29. Nxf5+ Kf6 30. Ng3 Ng7 31. Na5 Bxa5 32. Bxa5 Nf5 33. Bb7 Nxg3 34. hxg3 Bf5 35. Rb4 Re8 36. Rxe8 Rxe8 37. Bxc6 Re1+ 38. Kf2 Ra1 39. Bxd5 Be6 40. c6 1-0

[Event "CRO-chT1A 25th"]
[Site "Sibenik"]
[Date "2016.10.11"]
[Round "4.5"]
[White "Kovacevic, Vlatko"]
[Black "Blazeka, Matej"]
[Result "1-0"]
[WhiteElo "2449"]
[BlackElo "2266"]
[PlyCount "107"]
[EventDate "2016.10.08"]
[EventType "team-tourn"]
[EventRounds "9"]
[EventCountry "CRO"]
[SourceTitle "EXT 2017"]
[Source "ChessBase"]
[SourceDate "2016.10.25"]
[SourceVersion "1"]
[SourceVersionDate "2016.10.25"]
[SourceQuality "1"]
[WhiteTeam "Solin Cemex"]
[BlackTeam "Zagreb Mladost"]
[WhiteTeamCountry "CRO"]
[BlackTeamCountry "CRO"]

1. d4 Nf6 2. Nf3 g6 3. c4 Bg7 4. Nc3 d6 5. Bg5 0-0 6. e3 c5 7. Be2 Bf5 8. 0-0 h6 9. Bh4 Ne4 10. Nxe4 Bxe4 11. Qd2 Re8 12. Rad1 Qb6 13. b3 a5 14. d5 a4 15. Bd3 Bxf3 16. gxf3 axb3 17. axb3 Qxb3 18. Rb1 Ra2 19. Rxb3 Rxd2 20. Bb1 g5 21. Bg3 Rb2 22. Rxb2 Bxb2 23. Bd3 Bc3 24. Rb1 Bb4 25. f4 Nd7 26. fxg5 hxg5 27. Kg2 Ne5 28. Bxe5 dxe5 29. Ra1 Kg7 30. Ra7 Rb8 31. Be4 b5 32. cxb5 Rxb5 33. Rxe7 c4 34. Rxe5 f6 35. Re6 f5 36. Bxf5 Rxd5 37. Rg6+ Kf7 38. Rb6 Rxf5 39. Rxb4 Rc5 40. Kf3 c3 41. Rb1 c2 42. Rc1 Rc4 43. h3 Kf6 44. Ke2 Rh4 45. Rxc2 Rxh3 46. Rc6+ Kf5 47. Rc5+ Kf6 48. f3 Rh2+ 49. Kd3 Ra2 50. e4 Ra3+ 51. Ke2 Ra2+ 52. Ke3 Rb2 53. Rc6+ Ke5 54. Rg6 1-0

[Event "CRO-chT1A 25th"]
[Site "Sibenik"]
[Date "2016.10.08"]
[Round "1.3"]
[White "Dabo Peranic, Robert"]
[Black "Kovacevic, Vlatko"]
[Result "0-1"]
[WhiteElo "2332"]
[BlackElo "2449"]
[PlyCount "140"]
[EventDate "2016.10.08"]
[EventType "team-tourn"]
[EventRounds "9"]
[EventCountry "CRO"]
[SourceTitle "EXT 2017"]
[Source "ChessBase"]
[SourceDate "2016.10.25"]
[SourceVersion "1"]
[SourceVersionDate "2016.10.25"]
[SourceQuality "1"]
[WhiteTeam "Slavonski Brod"]
[BlackTeam "Solin Cemex"]
[WhiteTeamCountry "CRO"]
[BlackTeamCountry "CRO"]

1. e4 e6 2. d4 d5 3. Nc3 Nc6 4. Nf3 Nf6 5. Bd3 Bb4 6. Bg5 dxe4 7. Bxe4 Ne7 8. Bxf6 gxf6 9. 0-0 Ng6 10. Ne2 Be7 11. c3 c5 12. Qd2 cxd4 13. cxd4 f5 14. Bc2 b6 15. Ba4+ Bd7 16. Bxd7+ Qxd7 17. Qh6 Bf8 18. Qh5 Bg7 19. Rad1 0-0-0 20. a4 Qxa4 21. Ra1 Qd7 22. Ra6 Qe7 23. Rfa1 Rd7 24. Nd2 Rhd8 25. Qf3 Rb7 26. Nc4 Qc7 27. Na5 bxa5 28. Rc6 Rd5 29. Rxc7+ Kxc7 30. h4 Bf6 31. Rc1+ Kd8 32. g3 Ne7 33. Qh5 Bxd4 34. Nf4 Rxb2 35. Nxd5 Bxf2+ 36. Kh1 exd5 37. Qxh7 Kd7 38. Rc3 Ke6 39. Qh6+ f6 40. Qf4 Bb6 41. Rc1 Re2 42. Qf1 Re4 43. Rc2 f4 44. g4 Ng6 45. Rc6+ Kf7 46. g5 fxg5 47. hxg5 Kg7 48. Rd6 f3 49. Qxf3 Re1+ 50. Kh2 Bg1+ 51. Kg3 Re3 52. Rd7+ Kg8 53. Rd8+ Kg7 54. Rd7+ Kg8 55. Rxd5 Rxf3+ 56. Kxf3 Bb6 57. Ke4 Kf7 58. Rd6 Ne7 59. Rh6 a4 60. Rh7+ Ke6 61. Rh6+ Kf7 62. Rh7+ Kf8 63. Rh3 Bc5 64. Ke5 a3 65. Rh2 Kg7 66. Rc2 Nc6+ 67. Ke4 Bd4 68. Rxc6 a2 69. Kxd4 a1Q+ 70. Kd5 a5 0-1

[Event "CRO Cup"]
[Site "Mali Losinj"]
[Date "2016.05.08"]
[Round "6.24"]
[White "Kovacevic, Vlatko"]
[Black "Jovanic, Ognjen"]
[Result "1/2-1/2"]
[WhiteElo "2458"]
[BlackElo "2427"]
[PlyCount "24"]
[EventDate "2016.05.04"]
[EventType "team-swiss"]
[EventRounds "6"]
[EventCountry "CRO"]
[SourceTitle "CBM 172 Extra"]
[Source "ChessBase"]
[SourceDate "2016.06.21"]
[SourceVersion "1"]
[SourceVersionDate "2016.06.21"]
[SourceQuality "1"]
[WhiteTeam "Solin Cemex"]
[BlackTeam "Rijeka Liburnija"]
[WhiteTeamCountry "CRO"]
[BlackTeamCountry "CRO"]

1. d4 d5 2. Nf3 Nf6 3. c4 c6 4. cxd5 cxd5 5. Nc3 Nc6 6. Bf4 Bf5 7. e3 e6 8. Bd3 Bxd3 9. Qxd3 Bd6 10. Bxd6 Qxd6 11. 0-0 0-0 12. Rac1 Rac8 1/2-1/2

[Event "CRO Cup"]
[Site "Mali Losinj"]
[Date "2016.05.04"]
[Round "1.34"]
[White "Kovacevic, Vlatko"]
[Black "Jozic, Zoran"]
[Result "1-0"]
[WhiteElo "2458"]
[BlackElo "1952"]
[PlyCount "49"]
[EventDate "2016.05.04"]
[EventType "team-swiss"]
[EventRounds "6"]
[EventCountry "CRO"]
[SourceTitle "CBM 172 Extra"]
[Source "ChessBase"]
[SourceDate "2016.06.21"]
[SourceVersion "1"]
[SourceVersionDate "2016.06.21"]
[SourceQuality "1"]
[WhiteTeam "Solin Cemex"]
[BlackTeam "Pacetin Sloga"]
[WhiteTeamCountry "CRO"]
[BlackTeamCountry "CRO"]

1. d4 c5 2. e3 e6 3. Nf3 Nf6 4. Bd3 d5 5. 0-0 Nbd7 6. b3 Be7 7. Bb2 b6 8. Nbd2 Bb7 9. c4 0-0 10. Rc1 Rc8 11. Qe2 Rc7 12. Rfd1 Re8 13. Ne5 Qa8 14. cxd5 exd5 15. Qf3 Nf8 16. dxc5 bxc5 17. Ng4 d4 18. Nh6+ gxh6 19. Qg3+ Ng6 20. Qxc7 Bxg2 21. Qg3 Bd5 22. exd4 Nh5 23. Qg4 Nf6 24. Qh3 Bh1 25. f3 1-0

[Event "CRO-chT1A 24th"]
[Site "Bol"]
[Date "2015.10.11"]
[Round "9.25"]
[White "Ascic, Pero"]
[Black "Kovacevic, Vlatko"]
[Result "1/2-1/2"]
[WhiteElo "2311"]
[BlackElo "2467"]
[PlyCount "57"]
[EventDate "2015.10.03"]
[EventType "team-tourn"]
[EventRounds "9"]
[EventCountry "CRO"]
[SourceTitle "CBM 168 Extra"]
[Source "ChessBase"]
[SourceDate "2015.10.29"]
[SourceVersion "1"]
[SourceVersionDate "2015.10.29"]
[SourceQuality "1"]
[WhiteTeam "Pozega"]
[BlackTeam "Solin Cemex"]
[WhiteTeamCountry "CRO"]
[BlackTeamCountry "CRO"]

1. d4 e6 2. c4 d5 3. Nc3 Bb4 4. Qa4+ Nc6 5. cxd5 exd5 6. Nf3 Nf6 7. Bg5 h6 8. Bh4 g5 9. Bg3 Ne4 10. Rc1 h5 11. h3 Nxg3 12. fxg3 Qd6 13. Kf2 h4 14. g4 Bd7 15. Qd1 0-0-0 16. e3 f5 17. gxf5 Bxf5 18. Bd3 Rhf8 19. Bxf5+ Rxf5 20. Ne2 Rdf8 21. a3 Qf6 22. Rf1 Rxf3+ 23. gxf3 Qxf3+ 24. Kg1 Qxe3+ 25. Kg2 Qe4+ 26. Kg1 Qe3+ 27. Kg2 Qe4+ 28. Kg1 Qe3+ 29. Kg2 1/2-1/2

[Event "CRO-chT1A 24th"]
[Site "Bol"]
[Date "2015.10.06"]
[Round "4.45"]
[White "Bontempi, Piero"]
[Black "Kovacevic, Vlatko"]
[Result "0-1"]
[WhiteElo "2362"]
[BlackElo "2467"]
[PlyCount "70"]
[EventDate "2015.10.03"]
[EventType "team-tourn"]
[EventRounds "9"]
[EventCountry "CRO"]
[SourceTitle "CBM 168 Extra"]
[Source "ChessBase"]
[SourceDate "2015.10.29"]
[SourceVersion "1"]
[SourceVersionDate "2015.10.29"]
[SourceQuality "1"]
[WhiteTeam "Zagreb Zagreb"]
[BlackTeam "Solin Cemex"]
[WhiteTeamCountry "CRO"]
[BlackTeamCountry "CRO"]

1. e4 e6 2. d4 d5 3. Nc3 Nf6 4. e5 Nfd7 5. f4 c5 6. Nf3 Nc6 7. Bd3 Be7 8. 0-0 cxd4 9. Ne2 f5 10. Nexd4 Nc5 11. Be2 0-0 12. c4 Nxd4 13. Nxd4 dxc4 14. Bxc4 Qb6 15. Be3 Qxb2 16. Nb5 Qb4 17. Nd6 Bxd6 18. Qxd6 Qxc4 19. Bxc5 Re8 20. Rfc1 Qa4 21. Bb4 a5 22. Bc5 Bd7 23. Bb6 Bc6 24. Rc3 Qb5 25. Rb3 Qc4 26. Rg3 Rac8 27. Bxa5 Re7 28. Qb4 Qd5 29. Bb6 Rd7 30. a4 Qe4 31. Qxe4 Bxe4 32. Ra2 Rd1+ 33. Kf2 Bd5 34. Ke2 Rb1 35. Rd2 Rxb6 0-1

[Event "CRO-chT1A 24th"]
[Site "Bol"]
[Date "2015.10.04"]
[Round "2.35"]
[White "Dutina, Dario"]
[Black "Kovacevic, Vlatko"]
[Result "1-0"]
[WhiteElo "2313"]
[BlackElo "2467"]
[PlyCount "61"]
[EventDate "2015.10.03"]
[EventType "team-tourn"]
[EventRounds "9"]
[EventCountry "CRO"]
[SourceTitle "CBM 168 Extra"]
[Source "ChessBase"]
[SourceDate "2015.10.29"]
[SourceVersion "1"]
[SourceVersionDate "2015.10.29"]
[SourceQuality "1"]
[WhiteTeam "Sesvete Sljeme"]
[BlackTeam "Solin Cemex"]
[WhiteTeamCountry "CRO"]
[BlackTeamCountry "CRO"]

1. e4 e6 2. d4 d5 3. e5 c5 4. f4 Nc6 5. Nf3 Nh6 6. Bd3 cxd4 7. a3 a5 8. b3 Bc5 9. 0-0 Nf5 10. Qe2 Bd7 11. Kh1 Rc8 12. Nbd2 h6 13. Bb2 Bb6 14. g4 Nh4 15. f5 h5 16. Nxh4 Qxh4 17. Nf3 Qe7 18. Rg1 hxg4 19. Rxg4 exf5 20. Rxg7 Qf8 21. Rag1 Ne7 22. R7g5 Rc6 23. Bxd4 Bxd4 24. Nxd4 Rch6 25. R1g2 f6 26. exf6 Qxf6 27. Nf3 d4 28. Rg8+ Rxg8 29. Rxg8+ Kf7 30. Bc4+ Be6 31. Bxe6+ 1-0

[Event "CRO-chT1A 24th"]
[Site "Bol"]
[Date "2015.10.03"]
[Round "1.45"]
[White "Kovacevic, Vlatko"]
[Black "Rubil, Marko"]
[Result "0-1"]
[WhiteElo "2467"]
[BlackElo "2217"]
[PlyCount "78"]
[EventDate "2015.10.03"]
[EventType "team-tourn"]
[EventRounds "9"]
[EventCountry "CRO"]
[SourceTitle "CBM 168 Extra"]
[Source "ChessBase"]
[SourceDate "2015.10.29"]
[SourceVersion "1"]
[SourceVersionDate "2015.10.29"]
[SourceQuality "1"]
[WhiteTeam "Solin Cemex"]
[BlackTeam "Slavonski Brod Djakovic"]
[WhiteTeamCountry "CRO"]
[BlackTeamCountry "CRO"]

1. d4 d5 2. Nf3 Nf6 3. e3 c5 4. Nbd2 Nc6 5. c3 cxd4 6. exd4 Bf5 7. Nh4 Bg4 8. Qb3 Qc7 9. h3 Bd7 10. Be2 0-0-0 11. Nhf3 Rg8 12. Nf1 e6 13. Be3 Bd6 14. N1d2 h6 15. c4 g5 16. c5 Bf4 17. g3 Bxe3 18. Qxe3 Rge8 19. Ne5 Nxe5 20. Qxe5 Ne4 21. b4 Nc3 22. Nf3 Nxe2 23. Qxc7+ Kxc7 24. Kxe2 f6 25. Kd2 e5 26. dxe5 fxe5 27. Rae1 e4 28. Nd4 Rf8 29. Ke3 a6 30. h4 g4 31. a4 Rf6 32. b5 Rdf8 33. Re2 axb5 34. axb5 Ra8 35. b6+ Kd8 36. Rc2 Ra3+ 37. Ke2 Rd3 38. Rd1 Rxd1 39. Kxd1 Ba4 0-1

[Event "CRO-CupT final"]
[Site "Sibenik"]
[Date "2015.05.24"]
[Round "6.1"]
[White "Sindik, Ervin"]
[Black "Kovacevic, Vlatko"]
[Result "1/2-1/2"]
[WhiteElo "2325"]
[BlackElo "2468"]
[PlyCount "109"]
[EventDate "2015.05.20"]
[EventType "team-swiss"]
[EventRounds "6"]
[EventCountry "CRO"]
[SourceTitle "CBM 166 Extra"]
[Source "ChessBase"]
[SourceDate "2015.06.18"]
[SourceVersion "1"]
[SourceVersionDate "2015.06.18"]
[SourceQuality "1"]
[WhiteTeam "Zagreb Zagreb"]
[BlackTeam "Solin Cemex"]
[WhiteTeamCountry "CRO"]
[BlackTeamCountry "CRO"]

1. e4 e6 2. d4 d5 3. Nd2 a6 4. Ngf3 c5 5. exd5 exd5 6. dxc5 Bxc5 7. Nb3 Bb6 8. Bd3 Nf6 9. Qe2+ Be6 10. Be3 0-0 11. Bxb6 Qxb6 12. 0-0 Re8 13. Rfe1 Nc6 14. Qe3 Qc7 15. Nfd4 Bf5 16. Qd2 Ng4 17. g3 Bxd3 18. Qxd3 Nce5 19. Qf5 Nf6 20. Qf4 Rac8 21. Re2 Nc4 22. Rxe8+ Nxe8 23. Qg5 h6 24. Qxd5 Rd8 25. Qf3 Nxb2 26. Re1 Nd6 27. Qf4 Qb6 28. Re7 Nbc4 29. Qg4 Kf8 30. Re1 Qb4 31. Re2 Re8 32. Rxe8+ Nxe8 33. Qf5 Qe1+ 34. Kg2 Ncd6 35. Qf3 Qe5 36. c3 Nf6 37. Nc1 g6 38. Nd3 Qd5 39. Nf4 Qxf3+ 40. Kxf3 Nde4 41. Nfe2 h5 42. Ke3 Nc5 43. f3 Nd5+ 44. Kd2 Ke7 45. Nb3 Kd6 46. Nxc5 Kxc5 47. Kd3 a5 48. h4 b5 49. Nd4 a4 50. Nxb5 Kxb5 51. c4+ Kc5 52. cxd5 Kxd5 53. Kc3 Kc5 54. a3 f6 55. Kd3 1/2-1/2

[Event "CRO-CupT final"]
[Site "Sibenik"]
[Date "2015.05.23"]
[Round "5.1"]
[White "Kovacevic, Vlatko"]
[Black "Doric, Nenad"]
[Result "1/2-1/2"]
[WhiteElo "2468"]
[BlackElo "2308"]
[PlyCount "135"]
[EventDate "2015.05.20"]
[EventType "team-swiss"]
[EventRounds "6"]
[EventCountry "CRO"]
[SourceTitle "CBM 166 Extra"]
[Source "ChessBase"]
[SourceDate "2015.06.18"]
[SourceVersion "1"]
[SourceVersionDate "2015.06.18"]
[SourceQuality "1"]
[WhiteTeam "Solin Cemex"]
[BlackTeam "Kastel Novi"]
[WhiteTeamCountry "CRO"]
[BlackTeamCountry "CRO"]

1. d4 d5 2. Nf3 Nf6 3. e3 e6 4. c4 c5 5. Nc3 cxd4 6. exd4 Be7 7. a3 dxc4 8. Bxc4 0-0 9. 0-0 Nc6 10. Re1 b6 11. Bg5 Bb7 12. Ba2 Nd5 13. Bd2 Nxc3 14. Bxc3 Bf6 15. Qd3 Ne7 16. Rad1 Nd5 17. Bd2 Rc8 18. Bb1 g6 19. Bh6 Re8 20. Qd2 Ne7 21. Ne5 Nf5 22. Bxf5 exf5 23. f3 Qd5 24. Qf2 Red8 25. Rd2 Qb3 26. h4 Rd5 27. Kh2 Qa4 28. h5 Rcd8 29. Qg3 Rxd4 30. hxg6 hxg6 31. Rxd4 Qxd4 32. Re2 Qh4+ 33. Qxh4 Bxh4 34. Rd2 Rxd2 35. Bxd2 Kf8 36. g3 Be7 37. f4 Kg7 38. b4 Bd5 39. Kg1 f6 40. Nd3 Kf7 41. Kf2 Ke6 42. Ke3 Be4 43. Nb2 Kd5 44. Bc3 g5 45. Bd4 Bc2 46. Bc3 Bd8 47. Kd2 Bb1 48. Ke3 b5 49. Bd4 a6 50. Bc5 Bc7 51. a4 Bc2 52. axb5 axb5 53. Kd2 Be4 54. Ke3 Bb8 55. Nd1 Kc4 56. Nf2 Bc2 57. Nh3 g4 58. Ng1 Bd3 59. Ne2 Bxe2 60. Kxe2 Bc7 61. Kd2 Ba5 62. bxa5 Kxc5 63. Kc3 b4+ 64. Kb3 Kb5 65. a6 Kxa6 66. Kxb4 Kb6 67. Kc4 Kc6 68. Kd4 1/2-1/2

[Event "CRO-CupT final"]
[Site "Sibenik"]
[Date "2015.05.22"]
[Round "4.1"]
[White "Jovanic, Ognjen"]
[Black "Kovacevic, Vlatko"]
[Result "1/2-1/2"]
[WhiteElo "2469"]
[BlackElo "2468"]
[PlyCount "72"]
[EventDate "2015.05.20"]
[EventType "team-swiss"]
[EventRounds "6"]
[EventCountry "CRO"]
[SourceTitle "CBM 166 Extra"]
[Source "ChessBase"]
[SourceDate "2015.06.18"]
[SourceVersion "1"]
[SourceVersionDate "2015.06.18"]
[SourceQuality "1"]
[WhiteTeam "Rijeka Liburnija"]
[BlackTeam "Solin Cemex"]
[WhiteTeamCountry "CRO"]
[BlackTeamCountry "CRO"]

1. d4 e6 2. c4 d5 3. Nf3 Nf6 4. e3 a6 5. Nc3 Nbd7 6. b3 b6 7. Bd3 Bb7 8. 0-0 Bd6 9. Qc2 c5 10. cxd5 exd5 11. e4 cxd4 12. Nxd5 0-0 13. Bb2 Rc8 14. Qb1 Nxd5 15. exd5 Nf6 16. Bxd4 Bxd5 17. Bxf6 Qxf6 18. Bxh7+ Kh8 19. Be4 Bxe4 20. Qxe4 Rfe8 21. Qb7 a5 22. Rae1 g6 23. Re4 Kg7 24. Rfe1 Rxe4 25. Qxe4 Rc3 26. h3 Rc7 27. Rd1 Bc5 28. g3 Re7 29. Qd3 Re3 30. fxe3 Qxf3 31. Qf1 Bxe3+ 32. Kh2 Bf2 33. g4 Qg3+ 34. Kh1 Qf3+ 35. Kh2 Qg3+ 36. Kh1 Qf3+ 1/2-1/2